| 000 | 00538cam a2200193 i 4500 | ||
|---|---|---|---|
| 001 | ocm52463276 | ||
| 008 | 811019s1981 enk 000 0 eng H | ||
| 020 | _a0582782546 | ||
| 040 |
_aHUA _cHUA |
||
| 092 |
_a828.1 _bD54 C3o2+b |
||
| 100 | 1 | _aBrown, Suzanne. | |
| 245 | 1 | 0 |
_aCharles Dickens: Oliver Twist : _bnotes / _cby Suzanne Brown. |
| 260 |
_aHarlow : _bLongman, _c1981. |
||
| 300 |
_a76 p ; _c21 cm. |
||
| 490 | 0 |
_aYork notes ; _v122. |
|
| 600 | 1 | 0 |
_aDickens, Charles, _d1812-1870. _tOliver Twist. |
| 997 | _boclc | ||
| 997 | _bacas | ||
| 999 |
_c20868 _d255368 |
||